| 000 | 03840nam a22006375i 4500 | ||
|---|---|---|---|
| 001 | 978-3-319-66302-9 | ||
| 003 | DE-He213 | ||
| 005 | 20210118144231.0 | ||
| 007 | cr nn 008mamaa | ||
| 008 | 170909s2017 gw | s |||| 0|eng d | ||
| 020 |
_a9783319663029 _9978-3-319-66302-9 |
||
| 024 | 7 |
_a10.1007/978-3-319-66302-9 _2doi |
|
| 050 | 4 | _aQA76.758 | |
| 072 | 7 |
_aUMZ _2bicssc |
|
| 072 | 7 |
_aCOM051230 _2bisacsh |
|
| 072 | 7 |
_aUMZ _2thema |
|
| 082 | 0 | 4 |
_a005.1 _223 |
| 245 | 1 | 0 |
_aModel-Driven Engineering and Software Development _h[electronic resource] : _b4th International Conference, MODELSWARD 2016, Rome, Italy, February 19-21, 2016, Revised Selected Papers / _cedited by Slimane Hammoudi, Luís Ferreira Pires, Bran Selic, Philippe Desfray. |
| 250 | _a1st ed. 2017. | ||
| 264 | 1 |
_aCham : _bSpringer International Publishing : _bImprint: Springer, _c2017. |
|
| 300 |
_aXIV, 355 p. 131 illus. _bonline resource. |
||
| 336 |
_atext _btxt _2rdacontent |
||
| 337 |
_acomputer _bc _2rdamedia |
||
| 338 |
_aonline resource _bcr _2rdacarrier |
||
| 347 |
_atext file _bPDF _2rda |
||
| 490 | 1 |
_aCommunications in Computer and Information Science, _x1865-0929 ; _v692 |
|
| 505 | 0 | _aModeling languages, tools and architectures -- Methodologies, processes and platforms -- Applications and software development. | |
| 520 | _aThis book constitutes thoroughly revised and selected papers from the 4th International Conference on Model-Driven Engineering and Software Development, MODELSWARD 2016, held in Rome, Italy, in February 2016. The 17 thoroughly revised and extended papers presented in this volume were carefully reviewed and selected from 118 submissions. They are organized in topical sections named: modeling languages, tools and architectures; methodologies, processes and platforms; applications and software development. | ||
| 650 | 0 | _aSoftware engineering. | |
| 650 | 0 | _aComputer simulation. | |
| 650 | 0 | _aProgramming languages (Electronic computers). | |
| 650 | 0 | _aArtificial intelligence. | |
| 650 | 1 | 4 |
_aSoftware Engineering. _0http://scigraph.springernature.com/things/product-market-codes/I14029 |
| 650 | 2 | 4 |
_aSimulation and Modeling. _0http://scigraph.springernature.com/things/product-market-codes/I19000 |
| 650 | 2 | 4 |
_aProgramming Languages, Compilers, Interpreters. _0http://scigraph.springernature.com/things/product-market-codes/I14037 |
| 650 | 2 | 4 |
_aArtificial Intelligence. _0http://scigraph.springernature.com/things/product-market-codes/I21000 |
| 700 | 1 |
_aHammoudi, Slimane. _eeditor. _4edt _4http://id.loc.gov/vocabulary/relators/edt |
|
| 700 | 1 |
_aPires, Luís Ferreira. _eeditor. _4edt _4http://id.loc.gov/vocabulary/relators/edt |
|
| 700 | 1 |
_aSelic, Bran. _eeditor. _4edt _4http://id.loc.gov/vocabulary/relators/edt |
|
| 700 | 1 |
_aDesfray, Philippe. _eeditor. _4edt _4http://id.loc.gov/vocabulary/relators/edt |
|
| 710 | 2 | _aSpringerLink (Online service) | |
| 773 | 0 | _tSpringer eBooks | |
| 776 | 0 | 8 |
_iPrinted edition: _z9783319663012 |
| 776 | 0 | 8 |
_iPrinted edition: _z9783319663036 |
| 830 | 0 |
_aCommunications in Computer and Information Science, _x1865-0929 ; _v692 |
|
| 856 | 4 | 0 | _uhttps://doi.org/10.1007/978-3-319-66302-9 |
| 912 | _aZDB-2-SCS | ||
| 999 |
_c451455 _d451455 |
||
| 942 | _cEB | ||
| 506 | _aAvailable to subscribing member institutions only. Доступно лише організаціям членам підписки. | ||
| 506 | _fOnline access from local network of NaUOA. | ||
| 506 | _fOnline access with authorization at https://link.springer.com/ | ||
| 506 | _fОнлайн-доступ з локальної мережі НаУОА. | ||
| 506 | _fОнлайн доступ з авторизацією на https://link.springer.com/ | ||